| 000 | 01124nmc a2200385 a 4500 | ||
|---|---|---|---|
| 003 | AR-BaBNM | ||
| 005 | 20251128204155.0 | ||
| 008 | 011101s1994 ||||||||||||||000 | spa|| | ||
| 020 | _a950-701-094-7 | ||
| 040 | _cAR-BaBNM | ||
| 100 | 1 | _aLerner de Zunino, Delia | |
| 245 | 1 | 0 |
_aEl aprendizaje de la lengua escrita en la escuela _breflexiones sobre la propuesta pedagógica constructivista |
| 250 | _a3ª ed. | ||
| 260 |
_aBuenos Aires _bAique _c1994 |
||
| 300 | 0 | _a128 p. | |
| 490 | 0 | _aDidáctica | |
| 504 | _aContiene bibliografía | ||
| 650 | 4 | _aALFABETIZACION | |
| 650 | 4 | _aENSENANZA DE LA ESCRITURA | |
| 650 | 4 | _aDIFICULTADES EN EL APRENDIZAJE | |
| 650 | 4 | _aAPTITUD LINGUISTICA | |
| 650 | 4 | _aEDUCACION ESPECIAL | |
| 650 | 4 | _aMETODOS DE ENSENANZA | |
| 650 | 4 | _aROL DEL DOCENTE | |
| 650 | 4 | _aPLANIFICACION ESCOLAR | |
| 650 | 4 | _aEVALUACION DEL ALUMNO | |
| 650 | 4 | _aMEJORA DE LA ESCRITURA | |
| 650 | 4 | _aMEJORA DE LA LECTURA | |
| 650 | 4 | _aSIGLO VEINTE | |
| 653 | 0 | _aEDUCACION PRIMARIA | |
| 653 | 0 | _aFRACASO ESCOLAR | |
| 700 | 1 | _aPalacios de Pizani, Alicia | |
| 942 | _cBK | ||
| 998 | _cGrace | ||
| 999 |
_c6476 _d6476 |
||